Donkey Kong Jungle Beat Levels - Statistics

General Stats
  • This quiz has been taken 11 times
  • The average score is 9 of 32
Answer Stats
Kingdom And Stage Number Answer % Correct
Durian 1 Battle For Storm Hill
100%
Chili Pepper 2 Magma Colliseum
100%
Cherry 1 Aurora Glacier
67%
Melon 2 Banshee Swamp
67%
Chili Pepper 1 Cloudy Heights
67%
Banana 1 Dawn Savanna
67%
Star Fruit 1 Ninjape Rally
67%
Pineapple 2 Pristine Sea
67%
Pineapple 1 Rumble Falls
67%
Star Fruit 2 Asteroid Belt
33%
Lemon 2 Cactus Mine
33%
Lemon 1 Chopperbird Race
33%
Strawberry 1 Helibird Nest
33%
Banana 2 Jungle Deeps
33%
Grape 2 Primeval Ruins
33%
Orange 2 Sky Garden
33%
Durian 2 Aerie Fortress
0%
Peach 2 Ancient Foundry
0%
Peach 1 Arctic Plunge
0%
Pear 2 Clock Tower
0%
Pear 1 Deep Sea Sprint
0%
Watermelon 2 Desert Oasis
0%
Cherry 2 Grim Volcano
0%
Lychee 1 Helibird Dash
0%
Apple 2 Ice Warren
0%
Melon 1 Iguanagon’s Realm
0%
Lychee 2 Lava Cavern
0%
Apple 1 Massive Canyon
0%
Watermelon 1 Monkey Fest
0%
Orange 1 Silver Snow Peak
0%
Strawberry 2 Spirit Tree
0%
Grape 1 Sweet Paradise
0%
No matching quizzes found
Score Distribution
Percent of People with Each Score
Percentile by Number Answered
Your Score History
You have not taken this quiz